000 00630nam a2200277Ia 4500
008 210210b2013 xxu||||| |||| 00| 0 eng d
020 _a0198077610
041 _aeng
082 _a954 DUBC
100 _aDUBE (Saurabh)
245 _aCrime through time
260 _aNew Delhi
_bOxford University Press
_c2013
300 _alxiii,309
650 _aWoman
650 _atime
650 _athrough
650 _aPolice
650 _aOutlaw
650 _aMaratha
650 _aCriminal
650 _aCrime
650 _aCommunities
690 _aIndian History
700 _aRAO (Anupama) Ed
906 _a067691
999 _c152364
_d152364